| 000 | 01108cac a22002891a 4500 | ||
|---|---|---|---|
| 999 |
_c7529 _d7529 |
||
| 003 | EG-ScBUE | ||
| 005 | 20191229103808.0 | ||
| 008 | 100822s1958 ua r f b00 0dara ara d | ||
| 040 |
_aEG-ScBUE _bara _erda _dEG-ScBUE _cEG-ScBUE |
||
| 082 | 0 | 4 |
_a492.7 _bأ ن ي _222 |
| 100 | 1 |
_aأنيس، إبراهيم، _eمؤلف. _915858 |
|
| 245 | 1 | 0 |
_aمن أسرار اللغة / _cتأليف الدكتور أنيس إبراهيم، أستاذ بكلية دار العلوم جامعة القاهرة. |
| 250 | _aالطبعة الثانية. | ||
| 264 | 1 |
_aالقاهرة : _bمكتبة الأنجلو المصرية، _c1958. |
|
| 300 |
_a335 صفحة ؛ _c24 سم |
||
| 336 |
_2rdacontent _aنص _btxt |
||
| 337 |
_2rdamedia _aبدون وسيط _bn |
||
| 338 |
_2rdacarrier _aمجلد _bnc |
||
| 504 | _aيشتمل على إرجاعات ببليوجرافية. | ||
| 541 |
_a؛ الف باء _c؛ شراء |
||
| 590 | _amahmoud sami | ||
| 650 | 7 |
_aاللغة العربية _2BUEsh _98357 |
|
| 651 | _2BUEsh | ||
| 653 |
_bGGEN _cDecember2019 |
||
| 655 | _vReading book | ||
| 942 |
_cBB _k410 أ ن ي _2ddc |
||